不便利的便利店 : (Record no. 7705)

MARC details
000 -LEADER
fixed length control field 00875cam a2200325 i 4500
001 - CONTROL NUMBER
control field 463188
003 - CONTROL NUMBER IDENTIFIER
control field YEEZEN
005 - DATE AND TIME OF LATEST TRANSACTION
control field 20260410141526.0
008 - FIXED-LENGTH DATA ELEMENTS--GENERAL INFORMATION
fixed length control field 221208s2022 ch g 000 1 chi d
020 ## - INTERNATIONAL STANDARD BOOK NUMBER
International Standard Book Number 9786269593842
Qualifying information (平裝) :
Terms of availability NT$400
040 ## - CATALOGING SOURCE
Language of cataloging chi
Modifying agency NHU
Description conventions ccr
Transcribing agency NHU
041 1# - LANGUAGE CODE
Language code of text/sound track or separate title chi
Language code of original kor
042 ## - AUTHENTICATION CODE
Authentication code nbic
082 ## - DEWEY DECIMAL CLASSIFICATION NUMBER
Classification number 862.57
084 ## - OTHER CLASSIFICATION NUMBER
Classification number 862.57
090 ## - LOCALLY ASSIGNED LC-TYPE CALL NUMBER (OCLC); LOCAL CALL NUMBER (RLIN)
Classification number (OCLC) (R) ; Classification number, CALL (RLIN) (NR) 862.57
100 1# - MAIN ENTRY--PERSONAL NAME
Personal name 金浩然
Relator term
245 10 - TITLE STATEMENT
Title 不便利的便利店 :
Remainder of title 불편한 편의점 /
Statement of responsibility, etc. 金浩然(김호연)著 ; 陳品芳譯
246 30 - VARYING FORM OF TITLE
Title proper/short title 불편한 편의점
250 ## - EDITION STATEMENT
Edition statement 初版
260 ## - PUBLICATION, DISTRIBUTION, ETC.
Place of publication, distribution, etc. 臺北市 :
Name of publisher, distributor, etc. 寂寞,
Date of publication, distribution, etc. 2022.09
300 ## - PHYSICAL DESCRIPTION
Extent 303面 ;
Dimensions 21 公分
490 1# - SERIES STATEMENT
Series statement Soul ;
Volume/sequential designation 047.
500 ## - GENERAL NOTE
General note 譯自 : 불편한 편의점
650 #7 - SUBJECT ADDED ENTRY--TOPICAL TERM
Topical term or geographic name entry element 小說
Source of heading or term lcstt.
700 1# - ADDED ENTRY--PERSONAL NAME
Personal name 陳品芳
Relator term
740 0# - ADDED ENTRY--UNCONTROLLED RELATED/ANALYTICAL TITLE
Uncontrolled related/analytical title 불편한 편의점
830 #0 - SERIES ADDED ENTRY--UNIFORM TITLE
Uniform title Soul ;
Volume/sequential designation 047.
942 ## - ADDED ENTRY ELEMENTS (KOHA)
Source of classification or shelving scheme 中文圖書分類法
Koha item type 一般圖書
Holdings
撤銷狀態 遺失狀態 分類號來源 損壞狀態 不外借 永久館藏地 現在館藏地 書架位置 採購日期 全部借出 完整索書號 條碼號 最後一次日期記錄 一般價格有效日期 Koha館藏類型 公開資訊
未註銷館藏 未遺失 中文圖書分類法 未損毀 可外借 怡仁綜合醫院圖書館 怡仁綜合醫院圖書館   2026-04-10   862.57 C03288 2026-04-10 2026-04-10 一般圖書 人生就是會有很多不便利、不舒服, 這間有點慘澹的便利店,卻為我們撐起了閃閃發光的空間…… 艱難時刻的光亮之書 一間便利店,接通了我們的幸福人生 ★韓國年度最受歡迎小說 ★銷售破70萬冊,25個都市特選年度之書 ★Yes24年度之書,韓國各大書店排行榜總冠軍,口碑直追《歡迎光臨夢境百貨》 ★電子書平台「米莉的書齋」年度圖書第二名 ★韓國中央圖書館館員推薦之書 ★售出泰、日、簡中、台灣、越南、印尼等多國版權 ★影視改編熱烈進行中
怡仁醫院| 地址:32643桃園市楊梅區楊新北路321巷30號 | 服務專線:03-4855566 | 電子郵件信箱:
Copyright © 1996 CHC Hospital